01009nam a2200241Ia 450000100060000000300090000600800410001504000130005604000130006904100130008210000210009510000290011624500480014524500480019325000110024126000110025226000160026326000490027930000430032850003410037165000240071265000310073615722IT-RoPAU130308s9999 xx 000 0 und d aIT-RoPAU cIT-RoPAU aITALIANO aPino Giuseppe G. gCodice Aut. SPICS: 2552 aSviluppo e ingrandimento per fotodilettanti bSviluppo e ingrandimento per Fotodilettanti a4a ed. aMILANO bIl Castello c1975 [1° Ed.:1965 - Ed.Ling.Originale:1965] a"104 p. (prefazione: no ; testo: 104)" aProcedimenti di Sviluppo e Stampa Attrezzatura Minima di Laboratorio per Sviluppo e Stampa camera Oscura Sviluppo negativo panoramica e caratteristiche delle Pellicole e di Alcuni Sviluppi preparazione delle soluzioni meccanica Dello Sviluppo ingrandimento Carte fotografiche Stampa Fotografica Stampa a contatto Trattamento della Carta aTECNICA FOTOGRAFICA eCodice materia Spics: 6752